000 00554nam a22001937a 4500
005 20251028152142.0
008 230712b |||||||| |||| 00| 0 eng d
020 _a9789351293385
082 _a621.84
_bHAR-L
100 _aHarvey,Richred A.
245 _aLippincott illustrated Reveiw Pharmacology /
_cHarvey,Richred A, Karen Whalen
250 _a6th.ed.
260 _aIndia :
_bWolters Kluwer ;
_c2015.
300 _a670p.
_bill;
_c27cm.
500 _aInclude index .
650 _aMedical / Pharmacology
700 _aRicard A.Harvey
999 _c25926
_d25926